| 000 | 01747cam a2200493 a 4500 | ||
|---|---|---|---|
| 001 | 22119 | ||
| 003 | VRT | ||
| 005 | 20260320111108.0 | ||
| 008 | 240314s2014 xo e 000 j slo | ||
| 015 | _aSNBA2014/12 | ||
| 020 |
_a9788089737024 _q(viaz.) |
||
| 035 | _a2FA5CE8D-C478-4B5E-80CE-02885EB50C2F | ||
| 035 | _aurn:nbn:sk:snk-amjp8z | ||
| 035 | _aurn:nbn:sk:snk-am001y73 | ||
| 039 | 9 |
_a202403141426 _bVLOAD _c202003211350 _dAUTHORITY _c201810121020 _dAUTHORITY _c201702161108 _dAUTHORITY |
|
| 040 |
_aSNK _bslo _cSNK _eAACR2 |
||
| 041 | 1 |
_aslo _hfre |
|
| 044 |
_axo _cSK |
||
| 072 | 7 |
_a821.133.1-3 _xFrancúzska próza, francúzsky písaná _2konspekt |
|
| 080 |
_a821.133.1-31 _22001 |
||
| 080 |
_a(0:82-31) _22001 |
||
| 100 | 1 |
_aMakine, Andreï, _d1957- _4aut |
|
| 240 | 1 | 3 |
_aLe livre des breves amours éternelles _lSlovensky |
| 245 | 1 | 0 |
_aKniha krátkych lások, čo trvajú večne _cAndrei Makine ; preklad [z francúzskeho originálu ...] Aňa Ostrihoňová |
| 250 | _a1. vyd. | ||
| 260 |
_aBratislava _bInaque _c2014 |
||
| 300 |
_a127 s. _c21 cm |
||
| 366 | _e700 výt. | ||
| 490 | 1 | _aPro libris | |
| 655 | 7 |
_afrancúzske romány _2SNKPH |
|
| 655 | 7 |
_aFrench fiction _2SNKPHeng |
|
| 700 | 1 |
_aOstrihoňová, Aňa, _d1980- _4trl |
|
| 830 | 0 | _aPro libris | |
| 910 | _attkjf | ||
| 910 | _atotk | ||
| 910 | _asllk | ||
| 942 |
_2ddc _cKLDO _n0 |
||
| 949 |
_617A1131849 _asnkSC 161908 _bsnk2014/25958 _o2499/14 _s6100:20140925 |
||
| 949 |
_617A1131850 _asnkSC 161908 D1 _bsnk2014/25959 _o2499/14 |
||
| 949 |
_62889217572 _asavukM 116571 _bsavuk2014/4663 |
||
| 949 |
_6270001000478449 _asvkbbA 143247 _bsvkbbm 749512 |
||
| 949 |
_6273K0594462 _asvkpoA 227269 _bsvkpo591391 |
||
| 999 |
_c22119 _d22119 |
||